Obras completas
Gespeichert in:
| Hauptverfasser: | , |
|---|---|
| Format: | Buch |
| Sprache: | Spanisch |
| Veröffentlicht: |
Buenos Aires
El Ateneo
1951
|
| Schriftenreihe: | Colección Clásicos Inolvidables
|
| Schlagworte: | |
| Tags: |
Tag hinzufügen
Keine Tags, Fügen Sie den ersten Tag hinzu!
|
MARC
| LEADER | 00000nam a2200000 a 4500 | ||
|---|---|---|---|
| 001 | UCQ7140 | ||
| 003 | CL-VaPUC | ||
| 008 | 981031e19510000AG |||||||||||||||||spa|d | ||
| 082 | 0 | 4 | |a 937.06 |b CES |2 21 |
| 100 | |a Julio César |e author |9 554667 | ||
| 700 | 0 | |a Hircio, Aulo |e author |9 420976 | |
| 245 | 1 | 0 | |a Obras completas |
| 246 | 1 | 0 | |a Comentario de la guerra de las Galias y de la guerra civil |
| 246 | 1 | 0 | |a Comentario de la guerra de Alejandría |
| 246 | 1 | 0 | |a Guerra de Africa y de España |
| 300 | |a 631 p | ||
| 942 | |c BK | ||
| 945 | |d 19981031 00:00:00 |a crobeson | ||
| 260 | |a Buenos Aires |b El Ateneo |c 1951 | ||
| 650 | 0 | |a Historia romana |9 322973 | |
| 650 | 0 | |a Imperio Romano |9 322785 | |
| 650 | 7 | |a COMENTARIOS |2 CL-VaPUC |9 313567 | |
| 650 | 0 | |a Literatura latina |9 258055 | |
| 650 | 7 | |a GUERRA DE LAS GALIAS |2 CL-VaPUC |9 420977 | |
| 650 | 7 | |a GUERRA DE ALEJANDRIA |2 CL-VaPUC |9 420978 | |
| 583 | |a last modification |c 19981031 00:00:00 |k Rodrigo Vera | ||
| 490 | 0 | |a Colección Clásicos Inolvidables | |
| 999 | |c 276901 |d 276899 | ||
| 952 | |0 0 |1 0 |4 0 |6 937_060000000000000_CES_1951 |7 0 |8 A |9 314504 |a BIBEDU |b BIBEDU |d 2019-11-20 |i 1486853 |l 1 |o 937.06 CES 1951 |p 1486853 |r 2022-11-16 |s 2022-10-24 |w 2019-11-20 |y BK |k LIT | ||